Distance Education

Bewaard in:
Bibliografische gegevens
Hoofdauteur: HUỲNH NGỌC PHIẾN ... [et al.]
Formaat: Boek
Taal:Undetermined
Gepubliceerd in: Bangkok, Thailand AIT 1997
Onderwerpen:
Tags: Voeg label toe
Geen labels, Wees de eerste die dit record labelt!
Thư viện lưu trữ: Trung tâm Học liệu Trường Đại học Cần Thơ
LEADER 00476nam a2200169Ia 4500
001 CTU_50516
008 210402s9999 xx 000 0 und d
082 |a 004 
082 |b D614 
100 |a HUỲNH NGỌC PHIẾN ... [et al.] 
245 0 |a Distance Education 
245 0 |c HUỲNH NGỌC PHIẾN ... [et al.] 
260 |a Bangkok, Thailand 
260 |b AIT 
260 |c 1997 
650 |a computer science 
980 |a Trung tâm Học liệu Trường Đại học Cần Thơ